|
|
|
|
| LEADER |
00000nam0a2200000 4500 |
| 001 |
88251 |
| 005 |
20231101213606.0 |
| 010 |
|
|
|a 5861340943
|
| 035 |
|
|
|a (RuTPU)RU\TPU\book\94731
|
| 090 |
|
|
|a 88251
|
| 100 |
|
|
|a 20051222d2001 m y0rusy50 ca
|
| 101 |
0 |
|
|a rus
|
| 102 |
|
|
|a RU
|
| 105 |
|
|
|a y j 001zy
|
| 200 |
1 |
|
|a Сборник задач и упражнений по математической статистике
|e учебное пособие
|f Д. А. Коршунов, Н. И. Чернова
|g Сибирское отделение РАН; Институт математики им. С. Л. Соболева
|
| 210 |
|
|
|a Новосибирск
|c Изд-во Ин-та математики
|d 2001
|
| 215 |
|
|
|a 120 с.
|
| 320 |
|
|
|a Библиогр.: с. 109-110.
|
| 330 |
|
|
|a Сборник содержит 460 задач и упражнений, относящихся к основным разделам учебного курса математической статистики. Весьма широко представлены теоретические задачи на эмпирическое распределение, построение и свойства оценок, интервальное оценивание параметров и проверку статистических гипотез. Приведены решения типовых задач. Все задачи снабжены ответами. В приложение включены таблицы наиболее важных распределений. Данное учебное пособие предназначено для студентов и аспирантов математических, физических, естественных, технических и экономических специальностей.
|
| 610 |
1 |
|
|a математическая статистика
|
| 610 |
1 |
|
|a задачи
|
| 610 |
1 |
|
|a упражнения
|
| 610 |
1 |
|
|a эмпирическое распределение
|
| 610 |
1 |
|
|a оценки
|
| 610 |
1 |
|
|a построение
|
| 610 |
1 |
|
|a сравнение
|
| 610 |
1 |
|
|a доверительное оценивание
|
| 610 |
1 |
|
|a гипотезы
|
| 610 |
1 |
|
|a проверка
|
| 675 |
|
|
|a 519.22(076)
|v 3
|
| 700 |
|
1 |
|a Коршунов
|b Д. А.
|g Дмитрий Алексеевич
|
| 701 |
|
1 |
|a Чернова
|b Н. И.
|g Наталья Исааковна
|
| 712 |
0 |
2 |
|a Российская академия наук
|b Сибирское отделение
|b Институт математики им. С. Л. Соболева
|c (Новосибирск)
|2 stltpush
|3 (RuTPU)RU\TPU\col\43
|9 23149
|
| 801 |
|
1 |
|a RU
|b 63413507
|c 20051222
|g PSBO
|
| 801 |
|
2 |
|a RU
|b 63413507
|c 20070302
|g PSBO
|
| 942 |
|
|
|c BK
|
| 959 |
|
|
|a 116/20051222
|d 1
|e 74
|f НФ:1
|